000
00282nam a22001217a 4500
005
20250901165812.0
008
250327b |||||||| |||| 00| 0 eng d
020
_a
9789966362100
050
_a
PL 8704 .M64 2015
245
_a
Paka Wa Bibi
_c
MOHAMED SAID
300
_a
101
942
_2
lcc
999
_c
9426
_d
9426